<?xml version="1.0" encoding="UTF-8"?>
<record
    xmlns:xsi="http://www.w3.org/2001/XMLSchema-instance"
    xsi:schemaLocation="http://www.loc.gov/MARC21/slim http://www.loc.gov/standards/marcxml/schema/MARC21slim.xsd"
    xmlns="http://www.loc.gov/MARC21/slim">

  <leader>01842nam a2200325   4500</leader>
  <controlfield tag="001">188</controlfield>
  <controlfield tag="003">OSt</controlfield>
  <controlfield tag="005">20250528074014.0</controlfield>
  <controlfield tag="008">250131b        |||||||e |||| 00| 1 eng d</controlfield>
  <datafield tag="020" ind1=" " ind2=" ">
    <subfield code="a">9788565530835</subfield>
  </datafield>
  <datafield tag="040" ind1=" " ind2=" ">
    <subfield code="b">por</subfield>
  </datafield>
  <datafield tag="041" ind1=" " ind2=" ">
    <subfield code="h">eng</subfield>
    <subfield code="a">por</subfield>
  </datafield>
  <datafield tag="082" ind1=" " ind2=" ">
    <subfield code="a">813</subfield>
    <subfield code="b">D273s</subfield>
  </datafield>
  <datafield tag="100" ind1="1" ind2=" ">
    <subfield code="a">Day, Sylvia</subfield>
    <subfield code="d">1973-</subfield>
    <subfield code="9">345</subfield>
  </datafield>
  <datafield tag="240" ind1=" " ind2=" ">
    <subfield code="a">Captivated by you</subfield>
  </datafield>
  <datafield tag="245" ind1=" " ind2=" ">
    <subfield code="a">Somente sua /</subfield>
    <subfield code="c">Day, Sylvia ; Tradu&#xE7;&#xE3;o de Alexandre Boide</subfield>
  </datafield>
  <datafield tag="260" ind1=" " ind2=" ">
    <subfield code="a">S&#xE3;o Paulo</subfield>
    <subfield code="b">Paralela</subfield>
    <subfield code="c">2014</subfield>
  </datafield>
  <datafield tag="300" ind1=" " ind2=" ">
    <subfield code="a">281 p.</subfield>
  </datafield>
  <datafield tag="490" ind1="1" ind2=" ">
    <subfield code="a">Crossfire</subfield>
    <subfield code="v">Livro 04</subfield>
  </datafield>
  <datafield tag="500" ind1=" " ind2=" ">
    <subfield code="a">Somente sua 

Sequ&#xEA;ncia de :Para sempre sua</subfield>
  </datafield>
  <datafield tag="520" ind1=" " ind2=" ">
    <subfield code="a">Gideon me chama de anjo, mas &#xE9; ele o milagre na minha vida. Meu deslumbrante guerreiro ferido, determinado a destruir meus dem&#xF4;nios, ao mesmo tempo em que se recusa a encarar os seus. Os votos que trocamos deveriam ter nos deixado mais pr&#xF3;ximos do que nunca. Em vez disso, abriram feridas antigas, expuseram dor e inseguran&#xE7;a, e atra&#xED;ram os meus inimigos a sair das sombras. Senti que ele se distanciava. Meus maiores medos pareciam virar realidade; meu amor estava sendo testado, me deixando em d&#xFA;vida se seria forte o suficiente para aguentar. No momento mais alegre de nossas vidas, a escurid&#xE3;o do passado dele ressurge e amea&#xE7;a tudo pelo que trabalhamos at&#xE9; agora. Teremos que encarar uma escolha terr&#xED;vel: a seguran&#xE7;a da vida que t&#xED;nhamos antes de nos conhecermos ou um futuro que de repente parece um sonho imposs&#xED;vel e sem esperan&#xE7;a&#x2026;

&#x201C;S&#xF3; penso em voc&#xEA;. Todos os dias, o dia todo. Tudo que fa&#xE7;o, fa&#xE7;o pensando em voc&#xEA;.&#x201D; &#x2013; Somente Sua</subfield>
  </datafield>
  <datafield tag="650" ind1=" " ind2="0">
    <subfield code="a">Literatura Americana</subfield>
    <subfield code="9">84</subfield>
  </datafield>
  <datafield tag="650" ind1=" " ind2="0">
    <subfield code="a">Amor e Paix&#xE3;o</subfield>
    <subfield code="9">25</subfield>
  </datafield>
  <datafield tag="650" ind1=" " ind2="0">
    <subfield code="a">Er&#xF3;tico</subfield>
    <subfield code="9">305</subfield>
  </datafield>
  <datafield tag="655" ind1=" " ind2="0">
    <subfield code="a">Romance</subfield>
    <subfield code="9">23</subfield>
  </datafield>
  <datafield tag="655" ind1=" " ind2="0">
    <subfield code="a">Fic&#xE7;&#xE3;o </subfield>
    <subfield code="9">22</subfield>
  </datafield>
  <datafield tag="700" ind1=" " ind2=" ">
    <subfield code="a">Alexandre Boidi</subfield>
    <subfield code="e">Tradutor</subfield>
    <subfield code="9">248</subfield>
  </datafield>
  <datafield tag="830" ind1=" " ind2=" ">
    <subfield code="a">Crossfire</subfield>
    <subfield code="v">Livro 04</subfield>
    <subfield code="9">346</subfield>
  </datafield>
  <datafield tag="942" ind1=" " ind2=" ">
    <subfield code="2">ddc</subfield>
    <subfield code="n">0</subfield>
    <subfield code="c">BK</subfield>
  </datafield>
  <datafield tag="952" ind1=" " ind2=" ">
    <subfield code="0">0</subfield>
    <subfield code="1">0</subfield>
    <subfield code="2">ddc</subfield>
    <subfield code="3">vol. 04</subfield>
    <subfield code="4">0</subfield>
    <subfield code="7">0</subfield>
    <subfield code="8">FIC</subfield>
    <subfield code="a">BIBIB</subfield>
    <subfield code="b">BIBIB</subfield>
    <subfield code="c">LE</subfield>
    <subfield code="d">2022-03-15</subfield>
    <subfield code="e">doa&#xE7;&#xE3;o</subfield>
    <subfield code="l">0</subfield>
    <subfield code="o">813 / D273s</subfield>
    <subfield code="p">2025-16569</subfield>
    <subfield code="r">2025-01-31 07:47:58</subfield>
    <subfield code="t">Ex. 01</subfield>
    <subfield code="w">2025-01-31</subfield>
    <subfield code="y">BK</subfield>
  </datafield>
  <datafield tag="952" ind1=" " ind2=" ">
    <subfield code="0">0</subfield>
    <subfield code="1">0</subfield>
    <subfield code="2">ddc</subfield>
    <subfield code="3">vol. 04</subfield>
    <subfield code="4">0</subfield>
    <subfield code="7">0</subfield>
    <subfield code="8">FIC</subfield>
    <subfield code="a">BIBIB</subfield>
    <subfield code="b">BIBIB</subfield>
    <subfield code="c">LE</subfield>
    <subfield code="d">2021-01-07</subfield>
    <subfield code="e">doa&#xE7;&#xE3;o</subfield>
    <subfield code="l">0</subfield>
    <subfield code="o">813 / D273s</subfield>
    <subfield code="p">2025-16500</subfield>
    <subfield code="r">2025-01-31 07:47:58</subfield>
    <subfield code="t">Ex. 02</subfield>
    <subfield code="w">2025-01-31</subfield>
    <subfield code="y">BK</subfield>
  </datafield>
  <datafield tag="999" ind1=" " ind2=" ">
    <subfield code="c">188</subfield>
    <subfield code="d">188</subfield>
  </datafield>
</record>
